000 00771nam a2200205Ia 4500
003 OSt
005 20250714123636.0
008 210210b2003 xxu||||| |||| 00| 0 eng d
040 _cAL
041 _aKannada
082 _aK894.8 SAMA
100 _aSAMAGRA DASA SAHITYA.
_9151218
_dಸಮಗ್ರ ದಾಸ ಸಾಹಿತ್ಯ
245 _aSamagra dasa sahitya: samputa; 5, bhaga 2, Kanakadasara kirtanegalu.
_bಸಮಗ್ರ ದಾಸ ಸಾಹಿತ್ಯ : ಸಂಪುಟ ೫, ಭಾಗ ೨, ಕನಕದಾಸರ ಕೀರ್ತನೆಗಳು
260 _aBengaluru
_bKannada mattu Samskrati Nirdeshanalalya
_c2003
300 _a76,230
650 _aDasasahitya
_9151219
690 _aKannada Miscellaneous
_9151220
906 _a059370
942 _2ddc
_cBK
999 _c106384
_d106384